| 000 | 00463nam a2200193Ia 4500 | ||
|---|---|---|---|
| 005 | 20240823044228.0 | ||
| 008 | 240823s9999||||xx |||||||||||||| ||und|| | ||
| 020 | _a81-250-2256-2 | ||
| 041 | _aENGLISH | ||
| 082 | _A420 P2 | ||
| 100 | _aOrient Longman | ||
| 245 | 0 | _aEnglish for Engineers anf Technologists Volume 1 | |
| 250 | _a2nd | ||
| 260 |
_c2004 _bOrient Lo |
||
| 500 | _aTRANSFERED | ||
| 650 |
_aEnglish _bEnglish |
||
| 942 | _cBK | ||
| 999 |
_c212073 _d212073 |
||